10 African Countries with the Most Tourists - Statistics

General Stats
  • This quiz has been taken 4,887 times
    4,550 since last reset
  • The average score is 7 of 10
Answer Stats
# Arrivals Country % Correct
5.26 m Egypt
99%
10.0 m South Africa
99%
10.3 m Morocco
97%
5.72 m Tunisia
87%
1.71 m Algeria
86%
1.39 m Namibia
61%
1.53 m Botswana
60%
2.17 m Zimbabwe
53%
1.64 m Mozambique
48%
1.30 m Uganda
47%
No matching quizzes found
Score Distribution
Percent of People with Each Score
Percentile by Number Answered
Your Score History
You have not taken this quiz since the last reset